LEADER 02659 am 2200709 n 450 001 9910416500903321 005 20191204 010 $a2-7132-3108-6 024 7 $a10.4000/books.editionsehess.19651 035 $a(CKB)4100000011314367 035 $a(FrMaCLE)OB-editionsehess-19651 035 $a(oapen)https://directory.doabooks.org/handle/20.500.12854/52154 035 $a(PPN)248499203 035 $a(EXLCZ)994100000011314367 100 $a20200626j|||||||| ||| 0 101 0 $afre 135 $auu||||||m|||| 181 $ctxt$2rdacontent 182 $cc$2rdamedia 183 $acr$2rdacarrier 200 12$aL?argumentation $ePreuve et persuasion /$fMichel de Fornel, Jean-Claude Passeron 210 $aParis $cÉditions de l?École des hautes études en sciences sociales$d2019 215 $a1 online resource (192 p.) 311 $a2-7132-1423-8 330 $aLes controverses liées aux fondations des sciences sociales avaient pour enjeu de distinguer les arguments relevant d?une logique de la preuve ou d?une rhétorique de la persuasion. L?essor des sciences du langage et la redéfinition de la rhétorique fournissent aujourd?hui d?autres instruments pour mesurer le poids de l?énonciation dans les langages ordinaires ou scientifiques. Les études réunies ici visent à identifier les opérations caractéristiques de l?administration des preuves dans les sciences sociales. 606 $aHistory & Philosophy Of Science 606 $arhétorique 606 $alangage 606 $aénonciation 606 $asciences du langage 606 $apreuve 606 $alangage scientifique 606 $apersuasion 610 $apersuasion 610 $asciences du langage 610 $alangage 610 $apreuve 610 $arhétorique 610 $aénonciation 610 $alangage scientifique 615 4$aHistory & Philosophy Of Science 615 4$arhétorique 615 4$alangage 615 4$aénonciation 615 4$asciences du langage 615 4$apreuve 615 4$alangage scientifique 615 4$apersuasion 700 $ade Fornel$b Michel$01297512 701 $aGrize$b Jean-Blaise$046594 701 $aLivet$b Pierre$01233999 701 $aPasseron$b Jean-Claude$045205 701 $aProst$b Antoine$0173341 701 $aQuéré$b Louis$01227198 701 $aRosental$b Claude$0622631 701 $aFornel$b Michel de$0527492 701 $aPasseron$b Jean-Claude$045205 801 0$bFR-FrMaCLE 906 $aBOOK 912 $a9910416500903321 996 $aL?argumentation$93024490 997 $aUNINA LEADER 03623 am 2200781 n 450 001 9910306648803321 005 20180814 010 $a2-35613-271-6 024 7 $a10.4000/books.ausonius.657 035 $a(CKB)4100000007522707 035 $a(FrMaCLE)OB-ausonius-657 035 $a(oapen)https://directory.doabooks.org/handle/20.500.12854/46657 035 $a(PPN)234054921 035 $a(EXLCZ)994100000007522707 100 $a20190122j|||||||| ||| 0 101 0 $afre 135 $auu||||||m|||| 181 $ctxt$2rdacontent 182 $cc$2rdamedia 183 $acr$2rdacarrier 200 10$aÉpidémies et crises de mortalité du passé /$fDominique Castex, Isabelle Cartron 210 $aPessac $cAusonius Éditions$d2018 215 $a1 online resource (243 p.) 311 $a2-910023-91-5 330 $aÀ partir de plusieurs angles d'analyses, cet ouvrage aborde l'étude des crises brutales de mortalité du passé liées à des épidémies. Le premier concerne la démonstration archéologique d'une crise de mortalité (simultanéité des dépôts). Un autre axe de recherche est l'analyse des ossements en laboratoire qui peut nous éclairer sur la nature des décès : caractéristiques démographiques de l'échantillon exhumé (population sélectionnée) et analyses en biologie moléculaire (détermination de certains pathogènes à l'origine de crises épidémiques). Pour les temps historiques et surtout les plus récents, la compréhension de ces crises va imposer un recours systématique aux données d'archives (travaux en démographies historique, recherche du statut des lieux, investigations de terrain en amont de la fouille). Ce recueil de volets méthodologiques, d'analyses de sites et de synthèses montre la dépendance étroite des recherches historiques et archéologiques, compléments essentiels des études paléobiologiques ; enrichi par une ouverture vers la sociologie de la mort il prouve la nécessité de développer une stratégie de recherche interdisciplinaire dont l'objectif est d'accéder à une meilleure compréhension des crises de mortalité ancienne. 606 $aClassics 606 $aHistory 606 $aarchéologie funéraire 606 $aanthropologie 606 $amortalité 606 $aépidémie 606 $ainhumation 606 $anécropole 610 $aanthropologie 610 $anécropole 610 $aépidémie 610 $amortalité 610 $ainhumation 610 $aarchéologie funéraire 615 4$aClassics 615 4$aHistory 615 4$aarchéologie funéraire 615 4$aanthropologie 615 4$amortalité 615 4$aépidémie 615 4$ainhumation 615 4$anécropole 700 $aBarry$b Stéphane$01282168 701 $aBeauvalet-Boutouyrie$b Scarlett$0294868 701 $aBlanchard$b Philippe$0345681 701 $aBouneau$b Christophe$0140283 701 $aCartron$b Isabelle$01282169 701 $aCastex$b Dominique$01282170 701 $aClavandier$b Gaëlle$0880592 701 $aDrancourt$b Michel$0127077 701 $aDuday$b Henri$0174024 701 $aGeorges$b Patrice$01282171 701 $aGualde$b Nobert$01282172 701 $aMinvielle$b Stéphane$01275545 701 $aPoulle$b Pascal$01282173 701 $aSeigne$b Jacques$01282174 701 $aCastex$b Dominique$01282170 701 $aCartron$b Isabelle$01282169 801 0$bFR-FrMaCLE 906 $aBOOK 912 $a9910306648803321 996 $aÉpidémies et crises de mortalité du passé$93018662 997 $aUNINA